000 00832cam a22002531 4500
001 11582
003 BD-RjUL
005 20211208235141.0
008 140127r19611960nyua b 001 0 eng
035 _a(BD-RjUL)11631
040 _aDLC/ICU
_cICU
_dICU
_dDLC
_dBD-RjUL
_beng
041 _aeng
082 0 0 _a612.405
_bHEB 1961
100 1 _aHeftmann, Erich.
_932753
245 1 0 _aBiochemistry of steroids /
_c[by] Erich Heftmann and Erich Mosettig.
260 _aNew York :
_bReinhold Pub. Co.,
_cc1960 [reprint 1961]
300 _axi, 231 p. :
_c24 cm.
_bill. ;
504 _aIncludes bibliography and indexes.
650 0 _aSteroids.
_935828
700 1 _aMosettig, Erich,
_d1898-
_ejoint author.
_935829
942 _2ddc
_cBK
999 _c11582
_d11582